Política, identificación, subjetivación /

Gardado en:
Detalles Bibliográficos
Autor Principal: Ranciére, Jacques
Formato: Texto
Etiquetas: Engadir etiqueta
Sen Etiquetas, Sexa o primeiro en etiquetar este rexistro!

MARC

LEADER 00000 a a2200000 04500
001 9690
003
040
100 |a Ranciére, Jacques  
245 |a Política, identificación, subjetivación /  |c Jacques Ranciére 
773 |g volumen 8, número 36; páginas 26-36  
999 |c 37815  |d 37815